=LDR 00000nam 2200000 4500 =001 INLIS000000000000888 =005 20230307090037 =035 ##$$a 0010-0323000011 =007 ta =008 230307################g##########0#eng## =020 ##$$a 0-8391-1461-3 =082 ##$$a 612.399 =084 ##$$a 612.399 TAY t =100 1#$$a Taylor, T.G. =245 1#$$a The Importance of Vitamins to Human Health /$c T.G. Taylor =260 ##$$a England :$b MTP Press Limited,$c 1979 =300 ##$$a xiii, 178 halaman : $b ilustrasi ; $c 22 cm =650 #4$$a human health =650 #4$$a vitamins =504 ##$$a indeks